Films d'horreur (1) - Statistiques

Statistiques générales
  • Ce quiz a été pris 1 195 fois
  • Le résultat moyen est 6 sur 16
Statistiques - réponses
Par images Réponse % Correct
Scream
99%
Ça
94%
Vendredi 13
69%
Massacre à la tronçonneuse
65%
Saw
64%
Shining
45%
Le projet Blair witch
43%
Midsommar
41%
Evil dead
28%
Le silence des agneaux
18%
Sweeney Todd
9%
American psycho
7%
Misery
5%
Shaun of the dead
5%
American Mary
2%
Tucker & Dale fightent le mal
2%
Aucun quiz correspondant
Distribution des résultats
% des personnes avec chaque résultat
Percentile par nombre de réponses
Votre historique - résultats
Vous n’avez pas pris ce quiz